Патоморфология искусственного пищевода при пластике толстой кишкой (Запись № 10053751)

Подробности
000 -МАРКЕР
контрольное поле 02579nam0a2200433 i 4500
001 - ИДЕНТИФИКАТОР ЗАПИСИ
контрольное поле RU\NLR\BIBL_A\010478033
005 - ИДЕНТИФИКАТОР ВЕРСИИ
контрольное поле 20260406005346.0
010 ## - МЕЖДУНАРОДНЫЙ СТАНДАРТНЫЙ НОМЕР КНИГИ (ISBN)
Номер (ISBN) 9785790101243
Тираж 500
021 ## - НОМЕР ГОСУДАРСТВЕННОЙ РЕГИСТРАЦИИ
Код страны Российская Федерация
Номер 14-55564
035 ## - ДРУГИЕ СИСТЕМНЫЕ НОМЕРА
Идентификатор записи (NILC)RuMoRGB-007530063
035 ## - ДРУГИЕ СИСТЕМНЫЕ НОМЕРА
Идентификатор записи (NLR Aleph) 010478033
100 ## - ДАННЫЕ ОБЩЕЙ ОБРАБОТКИ
Данные общей обработки 20141016d2013 km y0rusy50 ca
101 0# - ЯЗЫК РЕСУРСА
Язык текста, звукозаписи и т.д. русский
Язык резюме английский
Язык оглавления английский
102 ## - СТРАНА ПУБЛИКАЦИИ ИЛИ ПРОИЗВОДСТВА
Страна публикации Российская Федерация
105 ## - ПОЛЕ КОДИРОВАННЫХ ДАННЫХ: ТЕКСТОВЫЕ МАТЕРИАЛЫ, МОНОГРАФИЧЕСКИЕ
Кодированные данные о монографическом текстовом документе y|||z|||000yy
200 1# - ЗАГЛАВИЕ И СВЕДЕНИЯ ОБ ОТВЕТСТВЕННОСТИ
Основное заглавие Патоморфология искусственного пищевода при пластике толстой кишкой
Параллельное заглавие Pathomorphology of artificial esophagus after colonic esophagoplasty
Первые сведения об ответственности Г.А. Лапий, Л.М. Непомнящих, Ю.В. Чикинев, Р.В. Говорков
Последующие сведения об ответственности Рос. акад. мед. наук
Язык параллельного заглавия английский
210 ## - ПУБЛИКАЦИЯ, РАСПРОСТРАНЕНИЕ И ДР.
Место издания, распространения и т.д. Москва
Имя издателя, распространителя и т. д. Из-во РАМН
Дата издания, распространения и т.д. 2013
215 ## - ФИЗИЧЕСКАЯ ХАРАКТЕРИСТИКА
Специфическое обозначение материала и объем 239 с.
Другие сведения о физической характеристике ил., цв. ил.
Размеры 22
300 ## - ОБЩИЕ ПРИМЕЧАНИЯ
Текст примечания Авт. также на англ. яз.: G.A. Lapii, L.M. Nepomnyashchikh, Yu.V. Chikinev, R.V. Govorkov
300 ## - ОБЩИЕ ПРИМЕЧАНИЯ
Текст примечания На обороте тит. л. авт.: Лапий Г.А. - д.м.н., проф., Непомнящих Л.М. - засл. деят. науки РФ, чл.-кор. РАМН, д.м.н., проф., Чикинев Ю.В. - д.м.н., проф., Говорков Р.В. - к.м.н., врач-хирург
300 ## - ОБЩИЕ ПРИМЕЧАНИЯ
Текст примечания Рез. на англ. яз.
320 ## - ПРИМЕЧАНИЯ О НАЛИЧИИ В ДОКУМЕНТЕ БИБЛИОГРАФИИ / УКАЗАТЕЛЯ
Текст примечания Библиогр.: с. 151-176
510 1# - ПАРАЛЛЕЛЬНОЕ ЗАГЛАВИЕ
Параллельное заглавие Pathomorphology of artificial esophagus after colonic esophagoplasty
Язык заглавия английский
606 1# - НАИМЕНОВАНИЕ ТЕМЫ КАК ПРЕДМЕТ
Наименование темы Пищевод искусственный
Тематический подзаголовок Болезни
-- Патологическая морфология
Системный номер авторитетной/нормативной записи 2117154
Идентификатор авторитетной/нормативной записи RU\NLR\AUTH\661582436
606 1# - НАИМЕНОВАНИЕ ТЕМЫ КАК ПРЕДМЕТ
Наименование темы Пищевод
Тематический подзаголовок Пластическая хирургия
-- Применение трансплантатов толстой кишки
-- Осложнения
Системный номер авторитетной/нормативной записи 2202466
Идентификатор авторитетной/нормативной записи RU\NLR\AUTH\6601558155
610 0# - НЕКОНТРОЛИРУЕМЫЕ ПРЕДМЕТНЫЕ ТЕРМИНЫ
Предметный термин эзофагопластика толстой кишкой
610 0# - НЕКОНТРОЛИРУЕМЫЕ ПРЕДМЕТНЫЕ ТЕРМИНЫ
Предметный термин пищевод искусственный, болезни
686 1# - ИНДЕКСЫ ДРУГИХ КЛАССИФИКАЦИЙ
Индекс Р413.1-2
686 1# - ИНДЕКСЫ ДРУГИХ КЛАССИФИКАЦИЙ
Индекс Р457.345.31-99
701 #1 - ИМЯ ЛИЦА - АЛЬТЕРНАТИВНАЯ ОТВЕТСТВЕННОСТЬ
Материалы, к которым относится поле rus
Графика поля Кириллица
Начальный элемент ввода Лапий
Часть имени, кроме начального элемента ввода Г. А.
Расширение инициалов личного имени Галина Анатольевна
Идентификатор авторитетной/нормативной записи RU\NLR\AUTH\77114842
Системный номер авторитетной/нормативной записи 97767
701 #1 - ИМЯ ЛИЦА - АЛЬТЕРНАТИВНАЯ ОТВЕТСТВЕННОСТЬ
Материалы, к которым относится поле rus
Графика поля Кириллица
Начальный элемент ввода Непомнящих
Часть имени, кроме начального элемента ввода Л. М.
Даты 1937-
Расширение инициалов личного имени Лев Моисеевич
Идентификатор авторитетной/нормативной записи RU\NLR\AUTH\7734323
Системный номер авторитетной/нормативной записи 17327
701 #1 - ИМЯ ЛИЦА - АЛЬТЕРНАТИВНАЯ ОТВЕТСТВЕННОСТЬ
Начальный элемент ввода Чикинев
Часть имени, кроме начального элемента ввода Ю. В.
Расширение инициалов личного имени Юрий Владимирович
701 #1 - ИМЯ ЛИЦА - АЛЬТЕРНАТИВНАЯ ОТВЕТСТВЕННОСТЬ
Начальный элемент ввода Говорков
Часть имени, кроме начального элемента ввода Р. В.
Расширение инициалов личного имени Роман Владимирович
801 #0 - ИСТОЧНИК ЗАПИСИ
Страна Российская Федерация
Организация РГБ
Дата составления 20140805
Правила каталогизации RCR
942 ## - ДОПОЛНИТЕЛЬНЫЕ ЭЛЕМЕНТЫ ЗАПИСИ (АБИС)
Тип экземпляра АБИС Книга
980 ## - КОЛЛЕКЦИЯ
Название коллекции НБР

Нет доступных экземпляров.